000
00274nam a22001097a 4500
082
_a
513.93 BAS'D
100
_a
DOW EDUCATION SYSTEM
_9
75902
245
_a
BASIC INDUSTRIAL MATHEMATICS A TEXT WORKBOOK
260
_a
NEWYORK
_b
MCGRAW HILL
_c
1972
300
_a
158P
942
_c
BK
999
_c
581314
_d
581314